Start k podnikání 5

Guardado en:
Detalles Bibliográficos
Formato: Libro
Lenguaje:checo
Publicado: Praha PROFESS 1991
Edición:1. vyd.
Etiquetas: Agregar Etiqueta
Sin Etiquetas, Sea el primero en etiquetar este registro!

MARC

LEADER 00000nam a2200000 4500
001 c024208
005 20221214094908.0
041 0 |a cze 
044 |a CZ 
245 1 0 |a Start k podnikání 5 
250 |a 1. vyd. 
264 1 |a Praha  |b PROFESS  |c 1991 
300 |a 47 s.